000
00313nam a2200121Ia 4500
005
20260328101528.0
008
260328s9999||||xx |||||||||||||| ||und||
100
_a
Nervi, Pier Luigi
245
0
_a
Aesthetics and Technology in Building /
_c
Pier Luigi Nervi
300
_a
199 p.
650
_a
ARQUITECTOS
942
_c
BK
999
_c
9865
_d
9865